Truyện ngắn Vòm me xanh
v.v...
Đã lưu trong:
| Tác giả chính: | |
|---|---|
| Định dạng: | Sách |
| Năm xuất bản: |
Tp. Hồ Chí Minh
Nxb Trẻ
1998
|
| Chủ đề: | |
| Tags: |
Thêm thẻ
Không có thẻ, Hãy là người đầu tiên gắn thẻ bản ghi này!
|
| LEADER | 01548nam a2200229 4500 | ||
|---|---|---|---|
| 082 | |a 895.922334 |b TR527ng | ||
| 100 | |a Nhiều tác giả | ||
| 245 | |a Truyện ngắn Vòm me xanh |c Nhiều tác giả | ||
| 260 | |a Tp. Hồ Chí Minh |b Nxb Trẻ |c 1998 | ||
| 300 | |a 167 tr |c 18 cm. | ||
| 500 | |a Nội dung: Tập làm văn/ Ngọc Dung. Quỷ sống/ Phan đức Thuận. Đêm cẩm thạch/ Gia Bảo... | ||
| 520 | |a v.v... | ||
| 653 | |a Văn học hiện đại | ||
| 653 | |a Việt Nam | ||
| 653 | |a Truyện ngắn | ||
| 942 | |2 ddc |c STK0 | ||
| 999 | |c 1840 |d 1840 | ||
| 952 | |0 0 |1 0 |2 ddc |4 0 |6 895_922334000000000_TR527NG |7 1 |8 800 |9 28714 |a qbu |b qbu |c D5 |d 2014-12-10 |g 20000 |o 895.922334 TR527ng |p 1142.c1 |r 0000-00-00 |w 2014-12-10 |y STK0 |0 0 |6 895_922334000000000_TR527NG | ||
| 952 | |0 0 |1 0 |2 ddc |4 0 |6 895_922334000000000_TR527NG |7 0 |8 800 |9 28715 |a qbu |b qbu |c D5 |d 2014-12-10 |g 20000 |l 1 |o 895.922334 TR527ng |p 1142.c2 |r 2015-09-09 |s 2015-09-04 |w 2014-12-10 |y STK0 |0 0 |6 895_922334000000000_TR527NG | ||
| 952 | |0 0 |1 0 |2 ddc |4 0 |6 895_922334000000000_TR527NG |7 0 |8 800 |9 28716 |a qbu |b qbu |c D5 |d 2014-12-10 |g 20000 |o 895.922334 TR527ng |p 1142.c3 |r 0000-00-00 |w 2014-12-10 |y STK0 |0 0 |6 895_922334000000000_TR527NG | ||
| 952 | |0 0 |1 0 |2 ddc |4 0 |6 895_922334000000000_TR527NG |7 0 |8 800 |9 28717 |a qbu |b qbu |c D5 |d 2014-12-10 |g 20000 |o 895.922334 TR527ng |p 1142.c4 |r 0000-00-00 |w 2014-12-10 |y STK0 |0 0 |6 895_922334000000000_TR527NG | ||
| 952 | |0 0 |1 0 |2 ddc |4 0 |6 895_922334000000000_TR527NG |7 0 |8 800 |9 28718 |a qbu |b qbu |c D5 |d 2014-12-10 |g 20000 |o 895.922334 TR527ng |p 1142.c5 |r 0000-00-00 |w 2014-12-10 |y STK0 |0 0 |6 895_922334000000000_TR527NG | ||